Southville International School and Colleges
Your cart is empty.
  • Cart
  • Lists
    Public lists Eva Luna New books Lux_list list_1
    Your lists Log in to create your own lists
  • Log in to your account
  • Your cookies
  • Search history
Southville International School and Colleges
  • Advanced search
  • Recent comments
  • Most popular
  • Libraries

Log in to your account

Log in with GOOGLE


If you do not have an external account, but do have a local account, you can still log in:

  1. Home
  2. MARC view: Please, please, please /
Normal view MARC view ISBD view

Please, please, please / (Record no. 114889)

[ view plain ]
MARC details
000 -LEADER
fixed length control field 00508nam a2200193 a 4500
003 - CONTROL NUMBER IDENTIFIER
control field MO
005 - DATE AND TIME OF LATEST TRANSACTION
control field 20170315142325.0
008 - FIXED-LENGTH DATA ELEMENTS--GENERAL INFORMATION
fixed length control field 110826s19uu xx 00 eng d
020 ## - INTERNATIONAL STANDARD BOOK NUMBER
International Standard Book Number 0590003275
050 ## - LIBRARY OF CONGRESS CALL NUMBER
Classification number TR
Item number V19 1998
100 ## - MAIN ENTRY--PERSONAL NAME
Personal name Vail, Rachel.
245 ## - TITLE STATEMENT
Title Please, please, please /
Statement of responsibility, etc Rachel Vail.
260 ## - PUBLICATION, DISTRIBUTION, ETC. (IMPRINT)
Place of publication, distribution, etc New York :
Name of publisher, distributor, etc Scholastic,
Date of publication, distribution, etc c1998.
440 ## - SERIES STATEMENT/ADDED ENTRY--TITLE
Title The friendship ring
650 ## - SUBJECT ADDED ENTRY--TOPICAL TERM
Topical term or geographic name as entry element Identity
General subdivision Fiction.
650 ## - SUBJECT ADDED ENTRY--TOPICAL TERM
Topical term or geographic name as entry element Mothers and daughters
General subdivision Fiction.
942 ## - ADDED ENTRY ELEMENTS (KOHA)
Source of classification or shelving scheme Dewey Decimal Classification
Koha item type Books
Holdings
Withdrawn status Lost status Source of classification or shelving scheme Damaged status Home library Current library Shelving location Date acquired Source of acquisition Total Checkouts Full call number Barcode Date last seen Price effective from Koha item type
    Dewey Decimal Classification   Munich Library Munich Library Teachers Reference Section 08/26/2011 Library Fund   TR V19 1998 M6814 04/14/2014 04/14/2014 Books

Please, please, please /

APA

Vail R., . (1998). Please, please, please. New York: Scholastic.

Chicago

Vail Rachel, . 1998. Please, please, please. New York: Scholastic.

Harvard

Vail R., . (1998). Please, please, please. New York: Scholastic.

MLA

Vail Rachel, . Please, please, please. New York: Scholastic. 1998.

  • Place hold
  • Print
  • Cite
  • Add to your cart (remove)
  • Save record
    BIBTEX Dublin Core MARCXML MARC (non-Unicode/MARC-8) MARC (Unicode/UTF-8) MARC (Unicode/UTF-8, Standard) MODS (XML) RIS
  • More searches
    Search for this title in:
    Other Libraries (WorldCat) Other Databases (Google Scholar) Online Stores (Bookfinder.com) Open Library (openlibrary.org)

Exporting to Dublin Core...

SOUTHVILLE LIBRARY

Southville International School and Colleges Library

1281 Tropical Ave. Cor. Luxembourg St., BF Homes International, Las Pinas City

Tel. No. 8256374 / 252358 Loc. 117/146

Powered by Koha